| 000 | 00437nam a2200157Ia 4500 | ||
|---|---|---|---|
| 008 | 230125s9999 xx 000 0 und d | ||
| 020 | _a9788121936415 | ||
| 041 | _aeng | ||
| 082 |
_a346.065 _bTUL |
||
| 100 |
_aTulsian P C _9109602 |
||
| 245 |
_aBusiness and Corporate Laws _bA Seif Study textbook |
||
| 260 |
_c2011 _bS. Chand & Company Ltd. _aNew Delhi |
||
| 700 |
_aTulsian P C _9109602 |
||
| 906 | _b79.2 | ||
| 999 |
_c93950 _d93950 |
||